000 00914cab a22002655a 4500
001 L158320
008 141208e20141205xxk 000 0 eng d
035 _a(Sirsi) u158320
041 0 _aeng
100 1 _aSharples, John
245 0 0 _aAbout time
260 _c2014
490 _aNew Law Journal
_v164(7633) 5 December 2014, 15-16(2)
520 _aWith reference to case law outlines the pitfalls of failing to comply with a time of the essence notice even where a contract is silent on the point.
590 _aKA
650 2 4 _aTIME OF THE ESSENCE
650 2 4 _aUNITED SCIENTIFIC HOLDINGS LTD V BURNLEY BC
650 2 4 _aSAMARENKO V DAWN HILL HOUSE LTD
650 2 4 _aAMPURIUS NU HOMES HOLDINGS LTD V TELFORD HOMES (CREEKSIDE) LTD
650 2 4 _aTENNARO LTD V MAJORARCH LTD
650 2 4 _aMULTI-VESTE 226 NI V NI SUMMER TOW
651 4 _aUnited Kingdom
_y
690 _aContracts
_96232
942 _n0
999 _c84561
_d84561